000 00384nam a2200169Ia 4500
001 8682
003 IN-NITTTR
005 20251114233040.0
008 251113s9999||||xx |||||||||||||| ||eng||
040 _beng
040 _cIN-NITTTR
041 _aeng
082 _a657.73 R411I
100 _aRichmond, D.
245 0 _aIntroduction to valuation. /
_cRichmond, D.
942 _2ddc
_cBK
999 _c11319
_d11319